000 01180nam a22003258a 4500
001 1440043
003 CO-ViMGA
005 20230915233611.0
008 151203s2014 ck a gr 0001f spa d
020 _a9789583044304
040 _aCO-ViMGA
_bspa
_cCO-ViMGA
041 0 _heng
043 _an-cn---
082 0 4 _a741.5
_bO36c1
_221
100 1 _aO'Donnel, Liam.
_9573
245 1 3 _aEl caso del sabotaje en la misión a Marte y otros misterios /
_cLiam O'Donnell ; ilustrador Michael Cho ; traductora Adriana Delgado.
250 _aEditor Leonardo Realpe Bolañǫs.
260 _aBogot :̀
_bPanamericana Editorial,
_c2014.
300 _a95 páginas :
_bilustraciones ;
_c23 cm.
490 1 _aLiteratura juvenil
490 1 _aMax Finder casos misteriosos ;
_v3
534 _pTítulo original :
_tMax Finder mystery collected casebook.
650 1 4 _aEspacio exterior
_v Novela gráfica.
_9575
650 1 4 _aMisterio
_v Novela gráfica.
_9574
650 1 4 _aNovela gráfica canadiense.
_9565
650 1 4 _aTiras cómicas, historietas, etc.
_9557
700 1 _aCho, Michael,
_eilustrador.
_9576
700 1 _aDelgado, Adriana,
_etraductora.
_9571
942 _2ddc
_cBK
999 _c37252
_d37252